00000000nas 2200000za 4500
0019.502821
003CaOODSP
00520241105150724
007cr |||||||||||
008150406d20002008xxc|| p o||||f|   |0fre|d
022 |a1912-0745
040 |aCaOODSP|bfre
043 |an-cn---
0861 |aIu71-4/5F-PDF
24503|aLe guide des marques de commerce.
264 1|aGatineau, Québec : |bIndustrie Canada
310 |aIrrégulier
3621 |aParaît depuis 2000; ne paraît plus après [2008].
69107|aMarque de commerce|2gcpds
69107|aPropriété intellectuelle|2gcpds
7102 |aOffice de la propriété intellectuelle du Canada, |eorganisme de publication.
77508|tA guide to trade-marks |w(CaOODSP)9.506425